01062nam a22002057a 4500003001700000005001700017008004100034020001800075040000700093041001200100082001600112100001400128245001300142260002600155300002600181365005400207440002800261520053400289650003300823St Aloysius Coll20260130122549.0251202b |||||||| |||| 00| 0 eng d a9780349442273 cAL aEnglish a813.6bHUAD aAna Huang aDefender aLondonbPiatkusc2025 a448p.bPBc20x12.5cm. 2GeneralaRLR8-6617204c₹f15/11/2025b₹497.00 aGods of the game series aNo. 1 Sunday Times bestselling author Ana Huang is back with the next book in the Gods of the Game series He has to play by the rules but for her, he'd break them all. As the captain of Black castle Football Club and one of the highest-paid athletes in the game, Vincent DuBois should be on top of the world.​But when his fame brings danger to his doorstep, he finds himself in his worst nightmare scenario - secretly sharing a flat with his coach's daughter, knowing full well she's far too big a temptation for him to resist. 2LiteratureaAmerican fiction